000 00377nam a2200109Ia 4500
008 171211s9999 xx 000 0 und d
245 _aNX 9 for Beginners – Part 1
245 _cCADFolks
260 _c2015
650 _xDrawing
856 _uhttp://down.ebook777.com/001/NX%209%20for%20Beginners%20-%20Part%201%20(Getting%20Started%20with%20NX%20and%20Sketch%20Techniques).pdf
999 _c348058
_d348058